You are the Detective—Spot the Fakes! - Statistics

General Stats
  • This quiz has been taken 81 times
  • The average score is 5 of 8
Answers on the Grid
Answers color-coded by a green-red scale on the quiz's grid according to % correct below.
Amanda
Bartholomew
Duaine
Eric
Felicia
Geoffrey
James
Jessica
Jimothy
Lily
Melissa
Oliver
Rebecca
Ryan
Sara
 
Answer Stats
Answer % Correct
Rule 4 Bartholomew
73%
Rule 1 Duaine
66%
Rule 2 Geoffrey
61%
Rule 2 Oliver
57%
Rule 3 Amanda
55%
Rule 2 Melissa
55%
Rule 2 Jessica
50%
Rule 2 Rebecca
50%
No matching quizzes found
Score Distribution
Percent of People with Each Score
Percentile by Number Answered
Your Score History
You have not taken this quiz